00591nam a22001817a 450000500170000001000150001702000260003203500130005803700130007108200100008410000260009424501050012026000310022527000680025630000400032470000200036470000250038420160523125138.0 aENG-115131 a9788120350960c595.00 aEN-98663 bDBAD/PUB a621.3 a Chandan Kumar Chanda aGATE for electrical engineering /cby Chanden Kumar Chanda, Sumit Banerjee [and] Abhijit Chakrabarti aDelhibPHI Learning c2016 aRimjhim House, 111, Patparganj Industrial EstatebDelhie110092 avarious pagingsc26cm(pbk)e1CD-ROM aBanerjee, Sumit aChakrabarti, Abhijit